Cities/Towns in Norway - Map Quiz - Statistics

General Stats
  • This quiz has been taken 32 times
  • The average score is 2 of 11
Answers on the Map
Answers color-coded by a green-red scale on the quiz's map according to % correct below.
 
Answer Stats
Answer % Correct
Alta
40%
Bergen
24%
Oslo
20%
Kirkenes
16%
Mo I Rana
16%
Geilo
12%
Narvik
12%
Kristiansand
8%
Harstad
4%
Molde
4%
Trondheim
0%
No matching quizzes found
Score Distribution
Percent of People with Each Score
Percentile by Number Answered
Your Score History
You have not taken this quiz